000 00534nam a22001697a 4500
003 MACL
005 20160525151801.0
008 160525b xxu||||| |||| 00| 0 eng d
040 _cMACL
041 _aHindi
082 _a891.433
100 _aचौहान, निर्मला
_956977
245 _aखुले आकाश में उडते परिंदे
_cनिर्मला चौहान
260 _aदिल्‍ली
_bकिताब घर
_c2010
650 _aNovel
_959476
942 _2ddc
_cHIN
999 _c54099
_d54099